Las horas distantes

Gardado en:
Detalles Bibliográficos
Autor Principal: Morton, Kate
Formato: Libro
Idioma:Spanish
Publicado: Barcelona, España Penguin Random House 2015
Materias:
Etiquetas: Engadir etiqueta
Sen Etiquetas, Sexa o primeiro en etiquetar este rexistro!

MARC

LEADER 00000nam a22000007a 4500
008 180406b xxu||||| |||| 00| 0 spa d
040 |a cru BVZT 
090 |a 800-Aus M-1h 
100 |a Morton, Kate 
245 |a Las horas distantes  |c Kate Morton 
260 |a Barcelona, España  |b Penguin Random House  |c 2015 
300 |a 629 páginas 
650 |a OTRAS LITERATURAS 
650 |a LITERATURA AUSTRALIANA 
650 |a EN IDIOMA INGLÉS 
650 |a NOVELA 
999 |c 30451  |d 30451 
942 |c 15 D  |h 800-Aus M-1h  |2 z